Sydney Transport General Knowledge - Statistics

General Stats
  • This quiz has been taken 7 times
  • The average score is 13 of 20
Answer Stats
Hint Answer % Correct
Main ferry terminal in Sydney: Circular Quay
100%
Longest line in the Sydney Trains system: T1
100%
Train line to Olympic Park: T7
100%
Train line which serves as the AirportLink: T8
100%
Terminus stations of the new SydneyMetro: Tallawong/Sydenham
100%
Sydney Metro (only) stop near Town Hall: Gadigal
83%
Lightrail line which goes to Randwick: L2
83%
Train station before North Sydney to the South: Milsons Point
83%
Alphanumerical designation for the Northern Rail Line: T9
83%
Rail line closed in 2020: Carlingford Line/ T6
67%
Ferry line which serves Manly: F1
67%
Direct, express bus service from City to Bondi Beach 333
50%
Express bus service which runs fromWynyard to Mona Vale, operated by Double Decker Buses: B1/B Line
50%
Organisation which ran the railnetwork before 2013: CityRail
50%
Bus service to the Airport from Bondi Junction: 350
33%
System of express bus routes, mostly in the Hillsand Western Sydney: T Ways
33%
Year when original tram networkclosed down: 1961
17%
Largest type of ferry in operation for Sydney Ferries: Freshwater Class
17%
Legendary rail engineerwho designed the City Circle: John Bradfield
17%
New lightrail line being built from Parramatta to Olympic Park: L5
17%
No matching quizzes found
Score Distribution
Percent of People with Each Score
Percentile by Number Answered
Your Score History
You have not taken this quiz